Problems and cases in health care marketing (Бичлэгийн дугаар. 145382)
| 000 -УДИРДЛАГА | |
|---|---|
| Удирдлага | 00902nam a22003017a 4500 |
| 003 - ХЯНАЛТЫН ТОО ТОДОРХОЙЛОГЧ | |
| Код | MN-UlNUM |
| 005 - БИЧИЛТ ХИЙСЭН ОГНОО | |
| Тухайн бичилтийг бичсэн засварласан сүүлийн огноо | 20251106160508.0 |
| 008 - ЕРӨНХИЙ МЭДЭЭЛЭЛ | |
| Ерөнхий мэдээлэл | 251106s2005 mauab||| |||| 001 0 eng d |
| 020 ## - ISBN | |
| ISBN | 0072887761 |
| 040 ## - БИЧЛЭГ ҮҮСГЭГЧ БАЙГУУЛЛАГА | |
| Бичлэг үүсгэгч номын сангийн код | МУИС-ийн номын сан |
| 084 ## - ББК АНГИЛАЛ | |
| Нэмэлт тусгалт | Нэг сэдэвт бүтээл |
| ББК ангилал | 65.290-2 |
| Зохиогчийн гурван тэмдэгт | G 69 |
| Мэдлэгийн ялгаа | 65 - Эдийн засаг |
| 245 00 - ҮНДСЭН ГАРЧИГ | |
| Номын нэр | Problems and cases in health care marketing |
| Оролцогчдын тухай мэдээ | [edited by] John T. Gourville, John A. Quelch, V. Kasturi Rangan. |
| 260 ## - ГАРАЛТЫН МЭДЭЭ | |
| Хэвлэгдсэн газар | Boston : |
| Хэвлэлийн газар | McGraw-Hill/Irwin, |
| Хэвлэгдсэн он | 2005 |
| 300 ## - МАТЕРИАЛЫН ТОДОРХОЙЛОЛТ | |
| хуудасны тоо | viii, 440 p. : |
| Бусад тоон мэдээлэл | ill., maps ; |
| Хэмжээ | 26 cm. |
| 500 ## - Тайлбар | |
| Дансны дугаар | БС 1945 |
| 546 ## - ХЭЛНИЙ ТУХАЙ МЭДЭЭ | |
| Хэл | Англи хэл дээр, |
| 653 ## - Түлхүүр үг | |
| Түлхүүр үг | medical care |
| 653 ## - Түлхүүр үг | |
| Түлхүүр үг | marketing. |
| 700 ## - ХАМ ЗОХИОГЧИД | |
| Ба бус | Gourville, John T. |
| 700 ## - ХАМ ЗОХИОГЧИД | |
| Ба бус | Quelch, John A. |
| 700 ## - ХАМ ЗОХИОГЧИД | |
| Ба бус | Rangan, V. Kasturi. |
| 740 ## - НОМЫН ГАРЧИГ | |
| Гарчиг | Developing a Marketing Strategy |
| 740 ## - НОМЫН ГАРЧИГ | |
| Гарчиг | Developing New Products |
| 740 ## - НОМЫН ГАРЧИГ | |
| Гарчиг | Launching New Product |
| 740 ## - НОМЫН ГАРЧИГ | |
| Гарчиг | Managing Distribution |
| 942 ## - ЭЛЕМЕНТИЙН ТӨРӨЛ | |
| Зүйлийн төрөл | Ном |
